000 00727cam a2200205 a 4500
999 _c12045
_d12045
003 OSt
005 20240117164951.0
008 080206s2008 nyuab 001 0 eng
020 _a9780071544115 (alk. paper)
082 0 0 _a720.47
_222
245 0 0 _aEmerald architecture :
_bcase studies in green building /
_cGreenSource, the magazine of sustainable design.
260 _aNew York :
_bMcGraw-Hill,
_cc2008.
300 _aix, 166 p. :
_bcol. ill., col. maps ;
_c29 cm.
500 _aIncludes index.
650 0 _aSustainable buildings
_xDesign and construction
_vCase studies.
650 0 _aSustainable architecture
_vCase studies.
650 0 _aSustainable buildings
_vPictorial works.
730 0 _aGreenSource.
942 _2ddc